000 00370nam a2200145Ia 4500
005 20250729165739.0
008 250729s2014 xx 000 0 und d
041 _aeng
082 _a371.333 VENE
100 _aN Venkataiah
_9232025
245 _aEducational Technology
260 _aNew Delhi
_bA P H PUBLISHING
_c2014
300 _a234p
650 _aTechnology
_9232026
999 _c239576
_d239576